| 000 | 00578nam a22002057a 4500 | ||
|---|---|---|---|
| 003 | OSt | ||
| 005 | 20220107122749.0 | ||
| 008 | 140529b xxu||||| |||| 00| 0 eng d | ||
| 020 | _a9780470102268 | ||
| 040 | _cIIITM-K | ||
| 082 | _a532 BIR/I | ||
| 100 |
_aBiringen, Sedat _95638 |
||
| 245 |
_aAn introduction to fluid mechanics by example _cby Sedat Biringen; Chuen-Yen Chow |
||
| 260 |
_aNew Jersey, _bWiley, _c2011. |
||
| 300 | _ax, 310p. | ||
| 650 |
_aCOMPUTATIONAL SCIENCE _95639 |
||
| 650 |
_aFLUID MECHANICS _95640 |
||
| 700 |
_aChow, Chuen-Yen _95641 |
||
| 942 |
_2ddc _cBK |
||
| 999 |
_c4316 _d4316 |
||